000 00536 a2200169 4500
020 _a0534408516
040 _aDLC
_bDLC
082 0 0 _a621.382
100 1 _aAgrawal, D. P.
245 1 0 _aIntroduction to wireless and mobile systems
_cDharma Prakesh Agrawal, Qing-An Zeng.
260 _aPacific Grove, CA :
_bThomson Brooks/Cole,
_cc2003.
300 _axviii, 438 p. :
_bill. ;
_c24 cm.
650 0 _aWireless communication systems.
650 0 _aMobile communication systems.
700 1 _aZeng, Qing-An.
942 _cBK
_k621.382 AGR
_2ddc
999 _c8289
_d8289